Top 20 Cities by Population #3!! - Statistics

General Stats
  • This quiz has been taken 1,243 times
    1,231 since last reset
  • The average score is 30 of 100
Answer Stats
Answer % Correct
Toronto
98%
Montreal
95%
Vancouver
95%
Cairo
94%
Ottawa
93%
Lagos
92%
Jakarta
91%
Alexandria
90%
Edmonton
89%
Islamabad
89%
Calgary
88%
Karachi
86%
Abuja
83%
Lahore
82%
Quebec
82%
Winnipeg
73%
Luxor
71%
Kano
67%
Halifax
63%
Surabaya
60%
Bandung
56%
Giza
54%
Denpasar
52%
London
51%
Hamilton
49%
Ibadan
49%
Hyderabad
47%
Victoria
47%
Port Harcourt
46%
Port Said
45%
Faisalabad
43%
Suez
43%
Medan
42%
Rawalpindi
42%
Benin City
41%
Aswan
39%
Mississauga
38%
Windsor
37%
Peshawar
30%
Quetta
27%
Yogyakarta
27%
Makassar
25%
Palembang
22%
Multan
21%
Surrey
21%
Gujranwala
20%
Brampton
19%
Semarang
18%
Kaduna
17%
Aba
16%
Laval
15%
Maiduguri
14%
Onitsha
14%
Gatineau
13%
Jos
13%
Enugu
11%
Oshawa
11%
Ilorin
10%
Markham
9%
Sokoto
9%
Zaria
9%
Bandar Lampung
8%
Batam
8%
Bekasi
8%
Malang
8%
Oyo
8%
Warri
8%
Asyut
7%
Damietta
7%
Balikpapan
6%
Faiyum
6%
Mansoura
6%
Tangerang
6%
Ismailia
5%
Pekanbaru
5%
Tanta
5%
Depok
4%
Padang
4%
Sialkot
4%
Abeokuta
3%
Bahawalpur
3%
Bogor
3%
Samarinda
3%
Sukkur
3%
Damanhur
2%
El Mahalla
2%
Larkana
2%
Minya
2%
Rahim Yar Khan
2%
Sargodha
2%
Zagazig
2%
Dera Ghazi Khan
1%
Ikorodu
1%
Jhang
1%
Okene
1%
Qina
1%
Sahiwal
1%
Sheikhupura
1%
Halwan
0%
Kafr El-Dawar
0%
No matching quizzes found
Score Distribution
Percent of People with Each Score
Percentile by Number Answered
Your Score History
You have not taken this quiz since the last reset